WHO guidelines on good agricultural and collection practices [GACP] for medicinal plants / (Record no. 14998)

000 -LEADER
fixed length control field 01043cam a22003137a 4500
020 ## - INTERNATIONAL STANDARD BOOK NUMBER
ISBN 9241546271 (pbk.)
040 ## - CATALOGING SOURCE
Transcribing agency EQO
082 00 - DEWEY DECIMAL CLASSIFICATION NUMBER
Classification number 633 WHO 2003 A053 Or.
110 2# - MAIN ENTRY--CORPORATE NAME
Corporate name or jurisdiction name as entry element World Health Organization.
245 10 - TITLE STATEMENT
Title WHO guidelines on good agricultural and collection practices [GACP] for medicinal plants /
246 30 - VARYING FORM OF TITLE
Title proper/short title World Health Organization guidelines on good agricultural and collection practices [GACP] for medicinal plants
246 3# - VARYING FORM OF TITLE
Title proper/short title WHO guidelines on GACP for medicinal plants
260 ## - PUBLICATION, DISTRIBUTION, ETC. (IMPRINT)
Place of publication Geneva :
Name of publisher WHO,
Year of publication 2003.
300 ## - PHYSICAL DESCRIPTION
Number of Pages vi, 72 p. ;
Dimensions 30 cm.
650 #0 - SUBJECT ADDED ENTRY--TOPICAL TERM
Topical Term Medicinal plants.
650 12 - SUBJECT ADDED ENTRY--TOPICAL TERM
Topical Term Plants, Medicinal.
650 12 - SUBJECT ADDED ENTRY--TOPICAL TERM
Topical Term Agriculture
650 22 - SUBJECT ADDED ENTRY--TOPICAL TERM
Topical Term Drug Contamination
650 22 - SUBJECT ADDED ENTRY--TOPICAL TERM
Topical Term Conservation of Natural Resources
650 22 - SUBJECT ADDED ENTRY--TOPICAL TERM
Topical Term Quality Control.
650 22 - SUBJECT ADDED ENTRY--TOPICAL TERM
Topical Term Materia Medica
650 #7 - SUBJECT ADDED ENTRY--TOPICAL TERM
Topical Term PLANTAS MEDICINALES.
650 #7 - SUBJECT ADDED ENTRY--TOPICAL TERM
Topical Term BOTANICA MEDICA.
650 #7 - SUBJECT ADDED ENTRY--TOPICAL TERM
Topical Term AGRICULTURA
650 #7 - SUBJECT ADDED ENTRY--TOPICAL TERM
Topical Term CONCERVACION DE LOS RECURSOS NATURALES
650 #7 - SUBJECT ADDED ENTRY--TOPICAL TERM
Topical Term CONTROL DE CALIDAD.
650 #7 - SUBJECT ADDED ENTRY--TOPICAL TERM
Topical Term MATERIA MEDICA
942 ## - ADDED ENTRY ELEMENTS (KOHA)
Koha item type សៀវភៅភាសាអង់គ្លេស
952 ## - LOCATION AND ITEM INFORMATION (KOHA)
Withdrawn status [LOCAL, KOHA] 0
952 ## - LOCATION AND ITEM INFORMATION (KOHA)
Withdrawn status [LOCAL, KOHA] 0
Holdings
Permanent Location Date acquired Koha item type Lost status Shelving location Barcode Current Location Full call number
Library Block A2017-11-01សៀវភៅភាសាអង់គ្លេស A053A21169Library Block A633 WHO 2003 A053 Or.
Library Block A2017-11-01សៀវភៅភាសាអង់គ្លេស A053A22263Library Block A633 WHO 2003 A053 Or.
មជ្ឈមណ្ឌលឯការនៃសាកលវិទ្យាល័យភូមិន្ទកសិកម្មចំការដូង

Powered by Koha